| 000 | 01131cas a2200313 i 4500 | ||
|---|---|---|---|
| 001 | 000045472 | ||
| 003 | DLC | ||
| 005 | 20260427155140.0 | ||
| 007 | ta | ||
| 008 | 150407c2000 dr er1pddd || |0spa d | ||
| 040 |
_aDO-SdBNP _bspa _cBNPHU _erda |
||
| 041 | _hspa | ||
| 043 | _anwdr | ||
| 245 | 0 | 0 |
_aEl oso bussi : _brevista para niños: juegos* cuentos* chistes* manualidades* dibujos. |
| 264 |
_aSanto Domingo, República Dominicana : _bBijosa TTS. _bEditora Corripio, _c2000 |
||
| 300 |
_avolumen : _bilustraciones, fotografías ; _c28 cm. |
||
| 310 | _aBimensual. | ||
| 336 |
_atexto _btxt _2rdacontent |
||
| 337 |
_asin mediación _bn _2rdamedia |
||
| 338 |
_avolumen _bnc _2rdacarrier |
||
| 362 | 1 | _aInicia con: No.1 (abril 2000). | |
| 500 | _aDescripción basada en: No.1 (abril 2000). | ||
| 500 | _aEdición gratuita. | ||
| 547 | _aTítulo original: BUSSI BAR. | ||
| 650 | 4 |
_aRevista infantil _xAprendizaje _zRepública Dominicana _973522 |
|
| 650 | 4 |
_aLiteratura infantil _vPublicación periódica _973524 |
|
| 651 | 4 |
_aRepública Dominicana _xManualidades _vPublicación periódica _973523 |
|
| 942 |
_2ddc _cISSUE |
||
| 999 |
_c44961 _d44961 |
||